Города Амурской области - Statistics

General Stats
  • This quiz has been taken 33 times
  • The average score is 7 of 10
Answer Stats
Население Город % Correct
239 864 Благовещенск
100%
60 350 Белогорск
88%
48 789 Свободный
75%
18 864 Зея
75%
6687 Сковородино
75%
15 860 Райчихинск
71%
7429 Циолковский
63%
28 160 Тында
54%
9253 Завитинск
54%
16 178 Шимановск
38%
No matching quizzes found
Score Distribution
Percent of People with Each Score
Percentile by Number Answered
Your Score History
You have not taken this quiz